| 000 | 00456nam a2200133Ia 4500 | ||
|---|---|---|---|
| 008 | 171212s9999 xx 000 0 und d | ||
| 020 | _a9780874215922 | ||
| 100 | _aLau, Kimberly | ||
| 245 |
_cLau, Kimberlyeditor Tokofsky, Peter;Winick, Stephen _aWhat Goes Around Comes Around |
||
| 260 |
_bUniversity Press of Colorado _c2004 |
||
| 650 | _aAnthropology | ||
| 650 | _aProverbs -- History and criticism | ||
| 856 | _uwww.jstor.org/stable/10.2307/j.ctt4cgmtx | ||
| 999 |
_c353191 _d353191 |
||